| 000 | 00987pam a2200289 a 4500 | ||
|---|---|---|---|
| 999 |
_c28511 _d28482 |
||
| 001 | 1181477 | ||
| 003 | EG-ScBUE | ||
| 005 | 20200719012445.0 | ||
| 008 | 970718s1922 xx f b 000 0 eng d | ||
| 020 | _a9781540762931 (pbk. : alk.paper) | ||
| 040 |
_aDLC _beng _erda _cDLC _dDLC _dEG-ScBUE |
||
| 043 | _an-us--- | ||
| 082 | 0 | 4 |
_a301.154 _bLIP _222 |
| 100 | 1 |
_aLippmann, Walter, _d1889-1974. _eauthor. _99679 |
|
| 245 | 1 | 0 |
_aPublic opinion / _cby Walter Lippmann. |
| 264 | 1 |
_a[Place of distribution not identified] : _bPantianos Classics, _c1922. |
|
| 300 |
_a200 pages ; _c24 cm |
||
| 336 |
_2rdacontent _atext _btxt |
||
| 337 |
_2rdamedia _aunmediated _bn |
||
| 338 |
_2rdacarrier _avolume _bnc |
||
| 650 | 7 |
_aPublic opinion. _2BUEsh _99680 |
|
| 650 | 7 |
_aSocial psychology. _2BUEsh _99681 |
|
| 653 |
_bCOMAME _cJuly2020 |
||
| 655 |
_vText book _933728 |
||
| 942 |
_2ddc _cBB |
||